| 000 | 00422nam a2200169Ia 4500 | ||
|---|---|---|---|
| 008 | 230524s9999 xx 000 0 und d | ||
| 082 |
_a541 _bSON |
||
| 100 | _aP.L.Soni | ||
| 245 | 0 | _aText Book of Physical Chemistry | |
| 250 | _aIST | ||
| 260 |
_aNEW DELHI _bS.Chand _c2002 |
||
| 300 | _aXXII;2.1031 | ||
| 500 | _aQuantity Number: 2 | ||
| 650 | _aChemistry | ||
| 700 | _a"O.P.Dharmarha , U.N.Dash,,," | ||
| 942 | _cBK | ||
| 999 |
_c40978 _d40978 |
||